Statistics for Golden Globe Winners for Best Supporting Actor in a Motion Picture

Click here to take the quiz!

General Stats

  • This quiz has been taken 20 times
  • The average score is 36 of 82

Answer Stats

YearFilmWinner% Correct
2019Once Upon a Time in HollywoodBrad Pitt
94%
199512 MonkeysBrad Pitt
94%
1996Primal FearEdward Norton
89%
2018Green BookMahershala Ali
89%
2020Judas and the Black MessiahDaniel Kaluuya
83%
1989GloryDenzel Washington
83%
1998The Truman ShowEd Harris
83%
2008The Dark KnightHeath Ledger
83%
2013Dallas Buyers ClubJared Leto
83%
2023OppenheimerRobert Downey Jr.
83%
1999MagnoliaTom Cruise
83%
2009Inglourious BasterdsChristoph Waltz
78%
2012Django UnchainedChristoph Waltz
78%
2006DreamgirlsEddie Murphy
78%
2005SyrianaGeorge Clooney
78%
1983Terms of EndearmentJack Nicholson
78%
2007No Country for Old MenJavier Bardem
78%
2014WhiplashJ.K. Simmons
78%
2022Everything Everywhere All at OnceKe Huy Quan
78%
2017Three Billboards Outside Ebbing, MissouriSam Rockwell
78%
1993The FugitiveTommy Lee Jones
78%
1987The UntouchablesSean Connery
72%
2015CreedSylvester Stallone
72%
1997Boogie NightsBurt Reynolds
67%
2010The FighterChristian Bale
67%
1992UnforgivenGene Hackman
67%
2003Mystic RiverTim Robbins
67%
2000TrafficBenicio del Toro
56%
2002AdaptationChris Cooper
56%
1953From Here to EternityFrank Sinatra
56%
1991City SlickersJack Palance
50%
2011BeginnersChristopher Plummer
44%
2001IrisJim Broadbent
44%
1976Marathon ManLaurence Olivier
44%
1994Ed WoodMartin Landau
44%
1988Tucker: The Man and His DreamMartin Landau
44%
1962Lawrence of ArabiaOmar Sharif
44%
1979Apocalypse NowRobert Duvall
44%
1980Ordinary PeopleTimothy Hutton
44%
2016Nocturnal AnimalsAaron Taylor-Johnson
39%
1971The Last Picture ShowBen Johnson
39%
1974The Towering InfernoFred Astaire
39%
1984The Killing FieldsHaing S. Ngor
39%
1972CabaretJoel Grey
39%
1981ArthurJohn Gielgud
39%
2004CloserClive Owen
33%
1961West Side StoryGeorge Chakiris
33%
1982An Officer and a GentlemanLouis Gossett Jr.
33%
1986PlatoonTom Berenger
33%
1970Ryan's DaughterJohn Mills
28%
2021The Power of the DogKodi Smit-McPhee
28%
1957SayonaraRed Buttons
28%
1958The Big CountryBurl Ives
22%
1947Miracle on 34th StreetEdmund Gwenn
22%
1950Mister 880Edmund Gwenn
22%
1963The CardinalJohn Huston
22%
1977EquusPeter Firth
22%
1951Quo VadisPeter Ustinov
22%
1948The Treasure of the Sierra MadreWalter Huston
22%
1955TrialArthur Kennedy
17%
1944Going My WayBarry Fitzgerald
17%
1968Star!Daniel Massey
17%
1954The Barefoot ContessaEdmond O'Brien
17%
1964Seven Days in MayEdmond O'Brien
17%
1969They Shoot Horses, Don't They?Gig Young
17%
1973The Paper ChaseJohn Houseman
17%
1952My Six ConvictsMillard Mitchell
17%
1967Doctor DolittleRichard Attenborough
17%
1966The Sand PebblesRichard Attenborough
17%
1943For Whom the Bell TollsAkim Tamiroff
11%
1990Longtime CompanionBruce Davison
11%
1946The Razor's EdgeClifton Webb
11%
1956The RainmakerEarl Holliman
11%
1949BattlegroundJames Whitmore
11%
1945A Medal for BennyJ. Carrol Naish
11%
1978Midnight ExpressJohn Hurt
11%
1985Out of AfricaKlaus Maria Brandauer
11%
1965The Spy Who Came in from the ColdOskar Werner
11%
1975The Sunshine BoysRichard Benjamin
11%
1960ExodusSal Mineo
11%
1959Ben-HurStephen Boyd
11%
1979Being ThereMelvyn Douglass
6%

Score Distribution

Percentile by Number Answered

Percent of People with Each Score

Your Score History

You have not taken this quiz